SOME EFFECTS UPON AND CONNECTIONS BETWEEN THE COMPACTION OF COHESIVE SOILS

Bibliographic Details
Main Author: Ravinger, Roman, 1941- (Author)
Format: Article
Language:Slovak
English

MARC

LEADER 00000nab a22000007a 4500
001 vtls010675194
003 SK-MaSNL
005 20260304184819.0
008 250708s1997 xo |||||||||||||||||slo|
035 |a (urnnbn)urn:nbn:sk:snk:ar-a06nbj 
035 |a (uuid)f831641d-e102-4327-a1c6-0fbf26a204d6 
035 |a urn:nbn:sk:snk-ab1a6c 
040 |a SNKBUCL  |b slo  |c SNKBUCL  |e AACR2 
041 0 |a eng 
044 |a xo  |c SK 
100 1 |a Ravinger, Roman,  |d 1941-  |4 aut  |9 210877 
245 1 0 |a SOME EFFECTS UPON AND CONNECTIONS BETWEEN THE COMPACTION OF COHESIVE SOILS  |c R. Ravinger 
773 0 |t Slovak journal of civil engineering  |g Roč. 5, č. 4 (1997), s. 12-21 
850 |a Slovenská národná knižnica 
852 |a Slovenská národná knižnica 
958 |a article 
958 |a OND 
958 |a EUIPO 
999 |c 3039984  |d 3041914